000 00583nam a2200181Ia 4500
008 090124s9999 xx 000 0 und d
082 _b22348
_a2468
100 _aपरदेशी दिलीप
245 _a स्वप्न एका वाल्याचे
250 _a1
260 _c1978
300 _a81
600 _aपरदेशी दिलीप
630 _a स्वप्न एका वाल्याचे
700 _aपरदेशी दिलीप
730 _a स्वप्न एका वाल्याचे
942 _cBOOK
999 _c135988
_d135988